[Event "Ste-Foy - Botwinnik"]
[Site "Ste-Foy CAN"]
[Date "2014.09.20"]
[Round "3"]
[White "Dube, Daniel"]
[Black "Poliquin, Yvon"]
[Result "0-1"]
[WhiteElo "1832"]
[BlackElo "2017"]
[PlyCount "128"]
[EventDate "2014.09.06"]
[EventType "swiss"]
[EventRounds "5"]
[EventCountry "CAN"]

1. e4 c5 2. b3 Nc6 3. Bb2 d6 4. Bc4 e6 5. Nf3 a6 6. a4 Nf6 7. Nc3 Be7 8. d4
cxd4 9. Nxd4 O-O 10. Nxc6 bxc6 11. O-O d5 12. Bd3 d4 13. Ne2 e5 14. h3 Nd7 15.
f4 c5 16. Bc1 Bb7 17. Ng3 Bf6 18. Qg4 Bc8 19. f5 Kh8 20. Nh5 Rg8 21. Bc4 Qe7
22. Bd5 Rb8 23. a5 Bb7 24. Bxb7 Rxb7 25. Rf3 Rbb8 26. Rg3 Qd6 27. Bg5 Bxg5 28.
Qxg5 f6 29. Qh4 Nf8 30. Rg4 Qe7 31. Rf1 Nd7 32. Nf4 g5 33. Nd5 gxh4 34. Rxg8+
Kxg8 35. Nxe7+ Kf7 36. Nd5 Rb7 37. Ra1 Nb8 38. Nb6 Nc6 39. Nc4 Ke7 40. Kf2 Nb4
41. Nb6 Nxc2 42. Rc1 Nb4 43. Ke2 Rc7 44. Na4 Kd6 45. Nb2 Kc6 46. Nc4 Rg7 47.
Rg1 Rg3 48. Nd2 Re3+ 49. Kd1 Kb5 50. Kc1 Rc3+ 51. Kd1 Nd3 52. Ke2 Nf4+ 53. Kf2
Rc2 54. Rd1 Kxa5 55. Kf1 Kb4 56. Nf3 d3 57. Ra1 d2 58. Nxd2 Rxd2 59. Rxa6 Kxb3
60. Rxf6 c4 61. Rb6+ Kc2 62. f6 Rd7 63. Rb5 c3 64. Rxe5 Rd1+ 0-1

[Event "Ste-Foy - Botwinnik"]
[Site "Ste-Foy CAN"]
[Date "2014.09.20"]
[Round "3"]
[White "Sauve, Richard"]
[Black "Laflamme, Simon"]
[Result "1/2-1/2"]
[WhiteElo "1870"]
[BlackElo "2033"]
[PlyCount "80"]
[EventDate "2014.09.06"]
[EventType "swiss"]
[EventRounds "5"]
[EventCountry "CAN"]

1. d4 Nf6 2. c4 c5 3. d5 b5 4. cxb5 a6 5. bxa6 e6 6. Nc3 exd5 7. Nxd5 Bxa6 8.
Nf3 Nc6 9. Bg5 Be7 10. Bxf6 Bxf6 11. Nxf6+ Qxf6 12. Rb1 O-O 13. a3 Rfe8 14. e3
Bxf1 15. Kxf1 Reb8 16. Qc2 Rb5 17. a4 Nb4 18. Qc4 Rba5 19. b3 d5 20. Qc1 Na2
21. Qd2 Nc3 22. Rc1 Qa6+ 23. Ke1 d4 24. Rxc3 dxc3 25. Qxc3 Rd8 26. h4 h6 27. h5
Qd6 28. Nd2 Ra7 29. Ke2 Rad7 30. Ne4 Qc6 31. f3 f5 32. Nf2 Qa6+ 33. Ke1 Rd2 34.
Qxd2 Rxd2 35. Kxd2 c4 36. bxc4 Qxc4 37. Ra1 Qb4+ 38. Kc2 Qc4+ 39. Kd2 Qb4+ 40.
Kc2 Qc4+ 1/2-1/2

[Event "Ste-Foy - Botwinnik"]
[Site "Ste-Foy CAN"]
[Date "2014.10.04"]
[Round "5"]
[White "Cummins, Paul"]
[Black "Labrecque, Rejean"]
[Result "1-0"]
[WhiteElo "1780"]
[BlackElo "1613"]
[PlyCount "93"]
[EventDate "2014.09.06"]
[EventType "swiss"]
[EventRounds "5"]
[EventCountry "CAN"]

1. e4 e6 2. d4 d5 3. Nd2 dxe4 4. Nxe4 Nf6 5. Bg5 Be7 6. Bxf6 Bxf6 7. c3 O-O 8.
Bd3 g6 9. Qf3 Bg7 10. O-O-O a5 11. h4 a4 12. h5 a3 13. b3 Nd7 14. hxg6 fxg6 15.
Qh3 Nf6 16. Ng5 e5 17. Bc4+ Rf7 18. Bxf7+ Kf8 19. Ne6+ Bxe6 20. Bxe6 exd4 21.
Nf3 Qd6 22. Rxd4 Qc5 23. Nd2 Re8 24. b4 Qe5 25. Bb3 c5 26. bxc5 Qxc5 27. Qf3 b5
28. Rf4 Qe5 29. Re4 Qb8 30. Rxe8+ Qxe8 31. Qe3 Qc6 32. Re1 Qc7 33. Qe5 Qxe5 34.
Rxe5 Ng4 35. Rxb5 Bxc3 36. Ne4 Bb2+ 37. Kc2 Ne5 38. Rb8+ Kg7 39. Rg8+ Kh6 40.
Nc3 Nc6 41. Nb5 Ne7 42. Ra8 Nf5 43. Kd3 Nh4 44. Bd5 Nf5 45. Ra7 g5 46. Nxa3 Ng7
47. g4 1-0

[Event "Ste-Foy - Botwinnik"]
[Site "Ste-Foy CAN"]
[Date "2014.10.04"]
[Round "5"]
[White "Laflamme, Simon"]
[Black "Sarra-Bournet, Marc"]
[Result "1-0"]
[WhiteElo "2033"]
[BlackElo "1808"]
[PlyCount "45"]
[EventDate "2014.09.06"]
[EventType "swiss"]
[EventRounds "5"]
[EventCountry "CAN"]

1. Nf3 d5 2. c4 dxc4 3. Na3 c5 4. Nxc4 Nc6 5. g3 Nf6 6. Bg2 e6 7. b3 Be7 8. Ba3
O-O 9. Rc1 Rb8 10. O-O b6 11. Nfe5 Nxe5 12. Nxe5 Bb7 13. Nc6 Bxc6 14. Bxc6 Nd5
15. Bxd5 Qxd5 16. d4 Rfd8 17. dxc5 Qe5 18. Qc2 Rbc8 19. Rfd1 Rxd1+ 20. Rxd1
bxc5 21. Rd7 Rd8 22. Rxe7 Qa1+ 23. Bc1 1-0

[Event "Ste-Foy - Botwinnik"]
[Site "Ste-Foy CAN"]
[Date "2014.10.04"]
[Round "5"]
[White "Sauve, Richard"]
[Black "Poliquin, Yvon"]
[Result "1/2-1/2"]
[WhiteElo "1870"]
[BlackElo "2017"]
[PlyCount "62"]
[EventDate "2014.09.06"]
[EventType "swiss"]
[EventRounds "5"]
[EventCountry "CAN"]

1. d4 e6 2. c4 f5 3. g3 Nf6 4. Bg2 Be7 5. Nf3 d6 6. b3 O-O 7. Bb2 Ne4 8. O-O
Nd7 9. Nbd2 Ndf6 10. Ne1 b6 11. Nd3 c5 12. f3 Nxd2 13. Qxd2 cxd4 14. Bxd4 e5
15. Bf2 Qc7 16. Rac1 Rd8 17. Rfd1 Be6 18. Nb4 Qb7 19. Nd5 Nxd5 20. cxd5 Bd7 21.
e4 fxe4 22. fxe4 Rac8 23. Bf1 Rxc1 24. Rxc1 Rc8 25. Be3 Rxc1 26. Qxc1 Qc8 27.
Qxc8+ Bxc8 28. Kf2 Kf7 29. Bb5 Bg4 30. Be2 Bd7 31. Bc1 Bd8 1/2-1/2

[Event "Ste-Foy - Botwinnik"]
[Site "Ste-Foy CAN"]
[Date "2014.10.04"]
[Round "5"]
[White "Skakni, Ismael"]
[Black "Gaudreau, Eric"]
[Result "0-1"]
[WhiteElo "1676"]
[BlackElo "1749"]
[PlyCount "44"]
[EventDate "2014.09.06"]
[EventType "swiss"]
[EventRounds "5"]
[EventCountry "CAN"]

1. d4 g6 2. Nf3 Bg7 3. c4 d6 4. e4 Nd7 5. Nc3 Ngf6 6. Be2 O-O 7. O-O e5 8. d5
Nc5 9. Qc2 a5 10. Ne1 Ne8 11. Be3 b6 12. Nd3 Nxd3 13. Qxd3 f5 14. f3 f4 15. Bf2
g5 16. b4 axb4 17. Nb5 g4 18. a3 Qg5 19. axb4 Rxa1 20. Rxa1 g3 21. Be1 Qh4 22.
h3 Bxh3 0-1

[Event "Ste-Foy - Fischer"]
[Site "Ste-Foy CAN"]
[Date "2014.10.11"]
[Round "1"]
[White "Caron, Sebastien"]
[Black "Skakni, Ismael"]
[Result "0-1"]
[WhiteElo "2007"]
[BlackElo "1676"]
[PlyCount "108"]
[EventDate "2014.10.11"]
[EventType "swiss"]
[EventRounds "5"]
[EventCountry "CAN"]

1. e4 e5 2. Nf3 Nf6 3. Nxe5 d6 4. Nc4 Nxe4 5. d4 d5 6. Ne3 Be7 7. Bd3 O-O 8.
O-O Nc6 9. c3 Re8 10. Qc2 Bf8 11. Nd2 Nf6 12. Nf3 g6 13. Bd2 Bg7 14. Rae1 Nh5
15. Nd1 Be6 16. Ng5 Qd7 17. f4 Bf5 18. Nf2 Bxd3 19. Qxd3 Rxe1 20. Rxe1 Nf6 21.
Nf3 Re8 22. Ne5 Nxe5 23. fxe5 Ng4 24. Nxg4 Qxg4 25. Qb5 Qc8 26. Qxd5 c6 27. Qf3
Qd7 28. Rf1 Qe6 29. b3 Rd8 30. Be3 b5 31. h3 a5 32. Qe2 Ra8 33. Qf3 a4 34. Rb1
axb3 35. axb3 Ra3 36. Bf4 Qf5 37. Rf1 Qe6 38. b4 Bf8 39. Rd1 Bxb4 40. d5 cxd5
41. Rxd5 Rxc3 42. Rd8+ Kg7 43. Qa8 f6 44. Qb7+ Be7 45. Rd7 Kf7 46. Qxb5 Qc4 47.
exf6 Qxb5 48. Rxe7+ Kxf6 49. Re1 Qc5+ 50. Kh2 g5 51. Bg3 h5 52. h4 gxh4 53.
Bxh4+ Kf5 54. g3 Qf2+ 0-1

[Event "Ste-Foy - Fischer"]
[Site "Ste-Foy CAN"]
[Date "2014.10.11"]
[Round "1"]
[White "Theriault, Francis"]
[Black "Sauve, Richard"]
[Result "0-1"]
[WhiteElo "1620"]
[BlackElo "1870"]
[PlyCount "100"]
[EventDate "2014.10.11"]
[EventType "swiss"]
[EventRounds "5"]
[EventCountry "CAN"]

1. e4 e6 2. d4 d5 3. Nc3 Nf6 4. Bg5 Bb4 5. e5 h6 6. exf6 hxg5 7. fxg7 Rg8 8.
Nf3 Qf6 9. Qd3 Nc6 10. O-O-O Bd7 11. g4 Rxg7 12. h3 O-O-O 13. Ne2 Bd6 14. c3
Rgg8 15. Ng3 Qg6 16. Nh5 f5 17. Re1 Rdf8 18. Bg2 Qh6 19. Re2 Be8 20. Rhe1 Nd8
21. Ne5 Bxh5 22. gxh5 Qxh5 23. c4 c6 24. cxd5 exd5 25. Qc2 Bxe5 26. Rxe5 Kb8
27. Rxf5 Re8 28. Rfe5 Rxe5 29. Rxe5 Qf7 30. Qf5 Qxf5 31. Rxf5 Ne6 32. Bf3 Nxd4
33. Rf6 Nxf3 34. Rxf3 Rh8 35. Rf5 Rxh3 36. Rxg5 Rh1+ 37. Kd2 Rb1 38. Kc2 Rf1
39. Rf5 Kc7 40. a4 b6 41. Rf7+ Kd6 42. Rxa7 Rxf2+ 43. Kc1 d4 44. Rb7 Kc5 45.
b4+ Kxb4 46. Rxb6+ Kc5 47. Rb8 Ra2 48. Ra8 Kb4 49. Ra6 c5 50. Kb1 Rxa4 0-1

[Event "Ste-Foy - Fischer"]
[Site "Ste-Foy CAN"]
[Date "2014.10.18"]
[Round "2"]
[White "Chouinard, Etienne"]
[Black "Cummins, Paul"]
[Result "1-0"]
[WhiteElo "1821"]
[BlackElo "1743"]
[PlyCount "139"]
[EventDate "2014.10.11"]
[EventType "swiss"]
[EventRounds "5"]
[EventCountry "CAN"]

1. e4 c5 2. f4 d5 3. Nf3 dxe4 4. Ng5 e6 5. Nxe4 Nc6 6. Nbc3 Be7 7. Bc4 a6 8. a4
Nf6 9. d3 O-O 10. Be3 Nd4 11. O-O b6 12. Qd2 Nf5 13. Rad1 Ng4 14. Bf2 Nxf2 15.
Qxf2 Qd4 16. Rd2 Qxf2+ 17. Rfxf2 Bb7 18. Rde2 Rfd8 19. Ng5 Nd4 20. Re1 Bf6 21.
Kf1 Nf5 22. Nxe6 Re8 23. Ng5 Rxe1+ 24. Kxe1 Re8+ 25. Kd2 Nd6 26. Bb3 h6 27. Nf3
b5 28. axb5 axb5 29. Nd1 c4 30. Ba2 Ra8 31. Bb1 Ra1 32. Kc1 g5 33. g3 b4 34.
Ne5 gxf4 35. gxf4 Bd5 36. dxc4 Bxc4 37. b3 Be6 38. Kb2 Ra5 39. Re2 Bf5 40. c4
bxc3+ 41. Nxc3 Bxb1 42. Kxb1 Nf5 43. b4 Ra8 44. Nd5 Bg7 45. Rd2 Nh4 46. b5 Ng6
47. Nxg6 fxg6 48. Ra2 Rxa2 49. Kxa2 g5 50. fxg5 hxg5 51. Ne7+ Kf7 52. Nc6 Bf8
53. Kb3 Ke6 54. h3 Kd5 55. Nd8 Be7 56. Nf7 Ke6 57. Nh6 Bd6 58. Kc4 Kf6 59. Kd5
Bf4 60. b6 Kg6 61. Ng4 Kf5 62. b7 Bb8 63. Kc6 Kf4 64. Nf6 Kg3 65. Ne4+ Kxh3 66.
Nxg5+ Kg4 67. Ne6 Kf5 68. Kd7 Ke5 69. Kc8 Ba7 70. Nc7 1-0

[Event "Ste-Foy - Fischer"]
[Site "Ste-Foy CAN"]
[Date "2014.10.18"]
[Round "2"]
[White "Gaudreau, Eric"]
[Black "Doyon, Stephane"]
[Result "1/2-1/2"]
[WhiteElo "1749"]
[BlackElo "1832"]
[PlyCount "145"]
[EventDate "2014.10.11"]
[EventType "swiss"]
[EventRounds "5"]
[EventCountry "CAN"]

1. Nf3 d5 2. c4 c6 3. g3 Nf6 4. Bg2 Bf5 5. O-O e6 6. b3 h6 7. Bb2 Nbd7 8. d3
Qc7 9. Nbd2 Bd6 10. Qc2 O-O 11. Qc3 e5 12. e3 Rfe8 13. Rfe1 Nc5 14. Bf1 Bxd3
15. Bxd3 Nxd3 16. Qxd3 e4 17. Qe2 exf3 18. Nxf3 Ne4 19. Red1 dxc4 20. Qxc4 Rad8
21. Rd4 Qe7 22. Rad1 Nxf2 23. Kxf2 Qxe3+ 24. Kg2 Qe2+ 25. Qxe2 Rxe2+ 26. Kh3
Rxb2 27. Rxd6 Rxd6 28. Rxd6 Rxa2 29. Rd8+ Kh7 30. Rd7 b6 31. Rxf7 c5 32. Ne5
Re2 33. Nc4 b5 34. Nd6 a6 35. Rc7 c4 36. bxc4 bxc4 37. Rxc4 Ra2 38. Rc7 Ra5 39.
Ne8 Rg5 40. Ra7 a5 41. Kg2 Kg8 42. h4 Rf5 43. Nd6 Rd5 44. Nc4 g5 45. hxg5 Rxg5
46. Rxa5 Rg4 47. Ne3 Rb4 48. Ra7 Rb5 49. g4 h5 50. gxh5 Rxh5 51. Kg3 Rg5+ 52.
Kf4 Rg7 53. Ra6 Rb7 54. Nf5 Kh7 55. Kg5 Rb1 56. Ra7+ Kg8 57. Rc7 Kf8 58. Kf6
Rb6+ 59. Kg5 Ke8 60. Nd4 Kd8 61. Ra7 Kc8 62. Kf5 Rb7 63. Ra6 Kd7 64. Ke5 Kc8
65. Kd5 Rd7+ 66. Kc5 Kb7 67. Rb6+ Kc8 68. Nb5 Kd8 69. Re6 Re7 70. Ra6 Kd7 71.
Kd5 Re1 72. Ra7+ Ke8 73. Nd6+ 1/2-1/2

[Event "Ste-Foy - Fischer"]
[Site "Ste-Foy CAN"]
[Date "2014.10.18"]
[Round "2"]
[White "Oliver, Vance"]
[Black "Dube, Daniel"]
[Result "0-1"]
[WhiteElo "1694"]
[BlackElo "1806"]
[PlyCount "90"]
[EventDate "2014.10.11"]
[EventType "swiss"]
[EventRounds "5"]
[EventCountry "CAN"]

1. Nf3 e6 2. g3 g5 3. Bg2 g4 4. Nh4 Be7 5. e4 Bxh4 6. gxh4 Qxh4 7. d4 Nc6 8.
Bf4 d6 9. c3 e5 10. dxe5 dxe5 11. Bg3 Qg5 12. Na3 a6 13. Qa4 Bd7 14. h4 gxh3
15. Bxh3 Bxh3 16. Rxh3 O-O-O 17. Rd1 Nge7 18. b4 Rxd1+ 19. Qxd1 Rd8 20. Qc2 h5
21. b5 axb5 22. Nxb5 Ng6 23. Qa4 Kb8 24. Qc2 Nf4 25. Rh2 Nd3+ 26. Kf1 Qg4 27.
Qe2 Qe6 28. Nd4 exd4 29. Qxd3 Ne5 30. Bxe5 Qxe5 31. Rg2 c5 32. c4 h4 33. a4 Qf4
34. Ke2 h3 35. Rg3 Re8 36. Rxh3 Rxe4+ 37. Kf1 Qc1+ 38. Kg2 Rg4+ 39. Rg3 Qf4 40.
a5 Qe4+ 41. Kf1 Qh1+ 42. Ke2 Re4+ 43. Kd2 Qe1+ 44. Kc2 Re2+ 45. Kb3 Qb4# 0-1

[Event "Ste-Foy - Fischer"]
[Site "Ste-Foy CAN"]
[Date "2014.10.18"]
[Round "2"]
[White "Robitaille, Denis"]
[Black "Jean, Martin"]
[Result "1-0"]
[WhiteElo "1823"]
[BlackElo "1574"]
[PlyCount "125"]
[EventDate "2014.10.11"]
[EventType "swiss"]
[EventRounds "5"]
[EventCountry "CAN"]

1. Nf3 Nf6 2. c4 g6 3. b4 Bg7 4. Bb2 O-O 5. g3 d6 6. Bg2 Nbd7 7. O-O c5 8. b5
Nb6 9. d3 a6 10. a4 axb5 11. axb5 Bg4 12. Nbd2 Qd7 13. Re1 Rxa1 14. Bxa1 Ra8
15. Qb3 h6 16. Bc3 Bh3 17. Bh1 Ng4 18. Bxg7 Kxg7 19. Qb2+ f6 20. Ra1 Rxa1+ 21.
Qxa1 Qe6 22. e4 Nd7 23. Bg2 Nge5 24. Ne1 Bxg2 25. Kxg2 g5 26. h3 Kg6 27. Qa8 b6
28. f4 gxf4 29. gxf4 Kg7 30. fxe5 Qxe5 31. Ndf3 Qb2+ 32. Kg3 Nf8 33. Qd8 Ng6
34. Qxb6 h5 35. h4 Qc1 36. Ng2 Qd1 37. Qc6 Qxd3 38. Qd5 Qb3 39. Kf2 Qc2+ 40.
Kg1 Qc1+ 41. Kh2 Qb2 42. Qd2 Qb1 43. Qe2 Kh6 44. Qd2+ Kg7 45. Nf4 Nxf4 46. Qxf4
Qc2+ 47. Nd2 Qb2 48. Kg2 Qc2 49. Kf2 Qb2 50. Ke2 Qd4 51. Qg3+ Kf7 52. b6 f5 53.
Qf2 Qb2 54. Qxf5+ Kg7 55. Qg5+ Kf8 56. Qxh5 Qxb6 57. Qf5+ Kg7 58. h5 d5 59.
exd5 Qf6 60. Qxf6+ Kxf6 61. Ne4+ Ke5 62. Kd3 e6 63. d6 1-0

[Event "Ste-Foy - Fischer"]
[Site "Ste-Foy CAN"]
[Date "2014.10.18"]
[Round "2"]
[White "Sauve, Richard"]
[Black "Sarra-Bournet, Marc"]
[Result "1-0"]
[WhiteElo "1870"]
[BlackElo "1737"]
[PlyCount "115"]
[EventDate "2014.10.11"]
[EventType "swiss"]
[EventRounds "5"]
[EventCountry "CAN"]

1. d4 d5 2. c4 e6 3. Nc3 Nf6 4. Bg5 Nbd7 5. cxd5 exd5 6. e3 Be7 7. Nf3 O-O 8.
Bd3 Re8 9. O-O h6 10. Bf4 c6 11. Qc2 Nh5 12. Nxd5 Nxf4 13. Nxf4 Nf6 14. h3 Bd6
15. Ne2 Nd5 16. a3 Bd7 17. Nc3 Rc8 18. Rac1 Qe7 19. Ne4 Bb8 20. Nc5 Rc7 21.
Nxd7 Rxd7 22. Rfe1 Rd6 23. Qd2 Rf6 24. Bc4 Rxf3 25. gxf3 Qh4 26. Bxd5 cxd5 27.
Kf1 Qxh3+ 28. Ke2 Qe6 29. Kd1 Qf6 30. f4 Qf5 31. Rc5 Bd6 32. Rc3 Qh5+ 33. Kc1
Qf5 34. Rg1 Qe4 35. Qc2 Qf3 36. Rc8 Rxc8 37. Qxc8+ Bf8 38. Qc2 b5 39. Kb1 b4
40. axb4 Bxb4 41. Rc1 g6 42. Ka2 Kg7 43. Qa4 a5 44. Qd7 g5 45. Rc7 Qh5 46. Qxd5
Qg6 47. Qe5+ Qf6 48. Rc6 Qxe5 49. fxe5 Be1 50. Rc2 g4 51. d5 h5 52. d6 Bb4 53.
Rc4 Kf8 54. Rc8+ Kg7 55. d7 Be7 56. d8=Q Bxd8 57. Rxd8 h4 58. Rd4 1-0

[Event "Ste-Foy - Fischer"]
[Site "Ste-Foy CAN"]
[Date "2014.10.18"]
[Round "2"]
[White "Skakni, Ismael"]
[Black "Laflamme, Simon"]
[Result "0-1"]
[WhiteElo "1676"]
[BlackElo "2033"]
[PlyCount "74"]
[EventDate "2014.10.11"]
[EventType "swiss"]
[EventRounds "5"]
[EventCountry "CAN"]

1. d4 Nf6 2. Nf3 c5 3. c3 g6 4. dxc5 Bg7 5. Nbd2 Qc7 6. Nb3 Na6 7. Qd4 Nh5 8.
Qd5 O-O 9. e4 Nf6 10. Qc4 d6 11. cxd6 exd6 12. Qxc7 Nxc7 13. Nfd2 Re8 14. f3 d5
15. Bd3 dxe4 16. fxe4 Nxe4 17. O-O Bf5 18. Nxe4 Bxe4 19. Bxe4 Rxe4 20. Nc5 Re2
21. Bf4 Nd5 22. Rab1 b6 23. Nb7 Nxf4 24. Rxf4 Be5 25. Rf2 Rxf2 26. Kxf2 Rb8 27.
Re1 Bxh2 28. g3 Rxb7 29. Re8+ Kg7 30. Kg2 Bxg3 31. Kxg3 Rd7 32. a4 Rd2 33. a5
Rxb2 34. Rb8 Rb3 35. Rc8 bxa5 36. Kf4 a4 37. Ke5 a3 0-1

[Event "Ste-Foy - Fischer"]
[Site "Ste-Foy CAN"]
[Date "2014.10.25"]
[Round "3"]
[White "Caron, Sebastien"]
[Black "Theriault, Francis"]
[Result "1-0"]
[WhiteElo "2007"]
[BlackElo "1620"]
[PlyCount "29"]
[EventDate "2014.10.11"]
[EventType "swiss"]
[EventRounds "5"]
[EventCountry "CAN"]

1. e4 d6 2. d4 Nf6 3. Nc3 g6 4. g3 Bg7 5. Bg2 c6 6. Nf3 O-O 7. O-O Nbd7 8. h3
e5 9. dxe5 dxe5 10. Be3 b5 11. Qd6 Nb6 12. Qxd8 Rxd8 13. Nxe5 Nxe4 14. Bxb6
axb6 15. Nxc6 1-0

[Event "Ste-Foy - Fischer"]
[Site "Ste-Foy CAN"]
[Date "2014.10.25"]
[Round "3"]
[White "Doyon, Stephane"]
[Black "Chouinard, Etienne"]
[Result "0-1"]
[WhiteElo "1832"]
[BlackElo "1821"]
[PlyCount "44"]
[EventDate "2014.10.11"]
[EventType "swiss"]
[EventRounds "5"]
[EventCountry "CAN"]

1. e4 e5 2. Nf3 Nc6 3. d4 exd4 4. Nxd4 Bc5 5. Be3 Qf6 6. c3 Nge7 7. Bc4 Ne5 8.
Be2 Qg6 9. O-O d6 10. f3 Bh3 11. Rf2 O-O 12. Kh1 Bd7 13. b4 Bb6 14. Nd2 a5 15.
b5 Kh8 16. Nc4 Nxc4 17. Bxc4 f5 18. Re2 fxe4 19. fxe4 Rae8 20. Bd3 Bg4 21. Nf3
Rxf3 22. Bxb6 Rxd3 0-1

[Event "Ste-Foy - Fischer"]
[Site "Ste-Foy CAN"]
[Date "2014.10.25"]
[Round "3"]
[White "Dube, Daniel"]
[Black "Sauve, Richard"]
[Result "1-0"]
[WhiteElo "1806"]
[BlackElo "1870"]
[PlyCount "61"]
[EventDate "2014.10.11"]
[EventType "swiss"]
[EventRounds "5"]
[EventCountry "CAN"]

1. e4 e6 2. d4 d5 3. e5 c5 4. Nf3 Nc6 5. Bd3 Qb6 6. O-O Bd7 7. Re1 Rc8 8. a3
Nxd4 9. Nxd4 cxd4 10. Nd2 Bb5 11. Nf3 Bxd3 12. Qxd3 Ne7 13. Nxd4 Nc6 14. Nb5 a6
15. Nd6+ Bxd6 16. exd6 O-O 17. Qg3 Nd4 18. Be3 Qxb2 19. Bxd4 Qxd4 20. d7 Rc6
21. Rab1 Qa7 22. Qh4 f6 23. Qb4 Qc5 24. Qxc5 Rxc5 25. Rxe6 Rc7 26. Re7 Rxc2 27.
g3 Rc6 28. Rxb7 Rd6 29. Rc7 d4 30. Rc8 d3 31. Rxf8+ 1-0

[Event "Ste-Foy - Fischer"]
[Site "Ste-Foy CAN"]
[Date "2014.10.25"]
[Round "3"]
[White "Gaudreau, Eric"]
[Black "Robitaille, Denis"]
[Result "0-1"]
[WhiteElo "1749"]
[BlackElo "1823"]
[PlyCount "52"]
[EventDate "2014.10.11"]
[EventType "swiss"]
[EventRounds "5"]
[EventCountry "CAN"]

1. Nf3 g6 2. g3 f5 3. Bg2 Nf6 4. O-O Bg7 5. d4 O-O 6. b4 d6 7. c4 a5 8. b5 c6
9. Bb2 a4 10. a3 Bd7 11. Nc3 Qa5 12. Qd3 Bh6 13. e3 cxb5 14. cxb5 Ne4 15. Nxe4
Bxb5 16. Qc2 Bxf1 17. Bxf1 fxe4 18. Qxe4 d5 19. Qe6+ Kh8 20. Ne5 Qd2 21. Nf7+
Kg7 22. Ne5 Qxf2+ 23. Kh1 Nc6 24. Nxc6 bxc6 25. Qxe7+ Kh8 26. Rb1 Rab8 0-1

[Event "Ste-Foy - Fischer"]
[Site "Ste-Foy CAN"]
[Date "2014.11.01"]
[Round "4"]
[White "Calafateanu, Vlad"]
[Black "Doyon, Stephane"]
[Result "1/2-1/2"]
[WhiteElo "1676"]
[BlackElo "1832"]
[PlyCount "76"]
[EventDate "2014.10.11"]
[EventType "swiss"]
[EventRounds "5"]
[EventCountry "CAN"]

1. e4 c6 2. d4 d5 3. e5 Bf5 4. g4 Bg6 5. h4 h5 6. e6 fxe6 7. Bd3 Bf7 8. g5 g6
9. c3 Qd6 10. f4 Rh7 11. Nf3 Nd7 12. Ne5 Nxe5 13. fxe5 Qc7 14. Qc2 Rg7 15. O-O
O-O-O 16. Be3 Nf6 17. gxf6 exf6 18. Rxf6 Be7 19. Bg5 Re8 20. Rxf7 Rxf7 21. Bxg6
Bxg5 22. hxg5 Rg8 23. Bxf7 Rxg5+ 24. Kh1 Qxf7 25. Qe2 Qf4 26. Nd2 Rg3 27. Nf1
Rf3 28. Qg2 Rf2 29. Qh3 Rf3 30. Qg2 Qh4+ 31. Kg1 Rf5 32. Ng3 Rg5 33. Kf2 Qf4+
34. Qf3 Qd2+ 35. Kg1 h4 36. Qf8+ Kc7 37. Qd6+ Kb6 38. Qb4+ Kc7 1/2-1/2

[Event "Ste-Foy - Fischer"]
[Site "Ste-Foy CAN"]
[Date "2014.11.01"]
[Round "4"]
[White "Laflamme, Simon"]
[Black "Chouinard, Etienne"]
[Result "0-1"]
[WhiteElo "2033"]
[BlackElo "1821"]
[PlyCount "97"]
[EventDate "2014.10.11"]
[EventType "swiss"]
[EventRounds "5"]
[EventCountry "CAN"]

1. Nf3 d5 2. c4 c6 3. e3 Nf6 4. Nc3 Bf5 5. cxd5 Nxd5 6. Bc4 e6 7. O-O Nd7 8. d4
N7f6 9. Ne5 Bd6 10. f4 h5 11. Bd3 g6 12. Qe2 Nxc3 13. bxc3 Bxe5 14. fxe5 Nd5
15. Bd2 Bxd3 16. Qxd3 Qd7 17. e4 Nb6 18. Bg5 O-O 19. Qf3 f5 20. exf6 Kf7 21.
Bh6 Rh8 22. Qf4 Rad8 23. Rf3 Na4 24. Rc1 Nxc3 25. Rfxc3 Qxd4+ 26. Kf1 e5 27.
Qe3 Qxe3 28. Bxe3 Kxf6 29. Rb1 Rd7 30. h4 a6 31. Ke2 Ke6 32. Rcb3 Rhh7 33. Bg5
Rhf7 34. R1b2 Rg7 35. Rg3 Rd4 36. Bh6 Rh7 37. Rxg6+ Kf7 38. Rg7+ Rxg7 39. Rxb7+
Kg6 40. Bxg7 Rxe4+ 41. Kf3 Rxh4 42. Bxe5 Ra4 43. Rb2 Kf5 44. Bd6 Ra5 45. Rc2
Ke6 46. Bb4 Rf5+ 47. Kg3 Kd7 48. Rc5 Rf1 49. Rxh5 0-1

[Event "Ste-Foy - Fischer"]
[Site "Ste-Foy CAN"]
[Date "2014.11.01"]
[Round "4"]
[White "Oliver, Vance"]
[Black "Cummins, Paul"]
[Result "1-0"]
[WhiteElo "1694"]
[BlackElo "1743"]
[PlyCount "77"]
[EventDate "2014.10.11"]
[EventType "swiss"]
[EventRounds "5"]
[EventCountry "CAN"]

1. Nf3 d5 2. g3 Nc6 3. Bg2 e5 4. d3 Be6 5. Nc3 f6 6. O-O Qd7 7. e4 d4 8. Nd5
Nge7 9. Nh4 O-O-O 10. Nxe7+ Nxe7 11. b4 g5 12. Nf5 Nxf5 13. exf5 Bxf5 14. Qf3
e4 15. dxe4 Bh3 16. Bd2 Bxg2 17. Kxg2 Be7 18. a4 h5 19. b5 h4 20. g4 h3+ 21.
Kh1 Qe6 22. Qe2 Rh4 23. f3 Bd6 24. Rfb1 Be5 25. Ra3 Bd6 26. Rab3 Bc5 27. a5 Rh7
28. Bb4 Bxb4 29. Rxb4 Rhd7 30. Qd3 Qe5 31. Ra1 Qf4 32. b6 cxb6 33. axb6 a6 34.
Rba4 Qe3 35. Rxa6 Rd6 36. Qc4+ Kd7 37. Qf7+ Kc6 38. Qc7+ Kb5 39. R6a5+ 1-0

[Event "Ste-Foy - Fischer"]
[Site "Ste-Foy CAN"]
[Date "2014.11.01"]
[Round "4"]
[White "Robitaille, Denis"]
[Black "Dube, Daniel"]
[Result "0-1"]
[WhiteElo "1823"]
[BlackElo "1806"]
[PlyCount "72"]
[EventDate "2014.10.11"]
[EventType "swiss"]
[EventRounds "5"]
[EventCountry "CAN"]

1. g3 e5 2. c4 Nc6 3. Bg2 Nf6 4. Nc3 Bb4 5. Nd5 Be7 6. d3 O-O 7. e3 d6 8. Ne2
Re8 9. O-O Be6 10. Bd2 Qd7 11. Qb3 Nd8 12. Rac1 c6 13. Nxf6+ Bxf6 14. Qc2 Bg4
15. Bc3 d5 16. f3 Be6 17. Rcd1 dxc4 18. dxc4 Qe7 19. b3 Qc5 20. Bd2 g6 21. Kh1
b5 22. Nc3 Bf5 23. e4 Be6 24. cxb5 cxb5 25. Qd3 a6 26. Be3 Qc6 27. Rc1 Bg7 28.
Rfd1 Qb7 29. f4 Nc6 30. Nd5 Rad8 31. Qf1 exf4 32. Rxc6 Bxd5 33. exd5 fxe3 34.
Qe2 Qxc6 35. dxc6 Rxd1+ 36. Qxd1 e2 0-1

[Event "Ste-Foy - Fischer"]
[Site "Ste-Foy CAN"]
[Date "2014.11.01"]
[Round "4"]
[White "Sauve, Richard"]
[Black "Caron, Sebastien"]
[Result "0-1"]
[WhiteElo "1870"]
[BlackElo "2007"]
[PlyCount "138"]
[EventDate "2014.10.11"]
[EventType "swiss"]
[EventRounds "5"]
[EventCountry "CAN"]

1. d4 f5 2. g3 Nf6 3. Bg2 g6 4. Nf3 Bg7 5. c4 O-O 6. O-O d6 7. b3 h6 8. Bb2 Qe8
9. Nc3 c6 10. d5 Na6 11. Nd4 Bd7 12. Rb1 Rc8 13. e4 fxe4 14. Nxe4 Nxe4 15. Bxe4
c5 16. Ne6 Bxe6 17. dxe6 Bxb2 18. Rxb2 Rb8 19. f4 Rf6 20. Qg4 Kh8 21. f5 g5 22.
h4 gxh4 23. Rf4 Qf8 24. Qxh4 Qg7 25. Rg4 Qh7 26. Rf2 Rbf8 27. Bxb7 Nc7 28. Be4
Nxe6 29. Rg6 Rxg6 30. fxg6 Qg7 31. Rf7 Rxf7 32. gxf7 Ng5 33. Bg2 Qf6 34. Bd5
Kg7 35. Qg4 e6 36. Bg2 Kxf7 37. Qe2 Ke7 38. Kh2 Qd4 39. Qc2 Nf7 40. a3 Qe5 41.
b4 h5 42. Qh7 cxb4 43. axb4 Qd4 44. Qxh5 Qxc4 45. Qa5 Qd4 46. Qc7+ Kf6 47. b5
Qc5 48. Qb8 Qh5+ 49. Kg1 Qc5+ 50. Kh2 Qe3 51. Qf8 Qh6+ 52. Qxh6+ Nxh6 53. Bc6
Kg5 54. Bd7 e5 55. Kg2 d5 56. Kf3 Nf5 57. Bc6 e4+ 58. Ke2 Nxg3+ 59. Kf2 Kf4 60.
Bxd5 e3+ 61. Ke1 Ke5 62. Bf3 Kd4 63. Kd1 Kd3 64. Bg4 Ke4 65. Ke1 Kd3 66. Kd1
e2+ 67. Ke1 Ke3 68. Bh5 Nxh5 69. b6 Nf4 0-1

[Event "Ste-Foy - Fischer"]
[Site "Ste-Foy CAN"]
[Date "2014.11.08"]
[Round "5"]
[White "Caron, Sebastien"]
[Black "Oliver, Vance"]
[Result "1-0"]
[WhiteElo "2007"]
[BlackElo "1694"]
[PlyCount "45"]
[EventDate "2014.10.11"]
[EventType "swiss"]
[EventRounds "5"]
[EventCountry "CAN"]

1. d4 Nf6 2. c4 g6 3. Nc3 Bg7 4. e4 d6 5. Nf3 O-O 6. Be2 c5 7. d5 Nbd7 8. O-O
a6 9. h3 Re8 10. Be3 Nf8 11. Qd3 Rb8 12. Rab1 b5 13. b4 bxc4 14. Qxc4 cxb4 15.
Rxb4 Rxb4 16. Qxb4 N6d7 17. Na4 Ne5 18. Nd2 f5 19. f4 Ng4 20. Bb6 Qd7 21. hxg4
fxg4 22. Rc1 e5 23. Rc7 1-0